<?xml version="1.0" encoding="UTF-8"?>
<record
    xmlns:xsi="http://www.w3.org/2001/XMLSchema-instance"
    xsi:schemaLocation="http://www.loc.gov/MARC21/slim http://www.loc.gov/standards/marcxml/schema/MARC21slim.xsd"
    xmlns="http://www.loc.gov/MARC21/slim">

  <leader>01101nam a22002897a 4500</leader>
  <datafield tag="999" ind1=" " ind2=" ">
    <subfield code="c">120176</subfield>
    <subfield code="d">120176</subfield>
  </datafield>
  <controlfield tag="003">dpl</controlfield>
  <controlfield tag="005">20181208160923.0</controlfield>
  <controlfield tag="008">181208b           ||||| |||| 00| 0 eng d</controlfield>
  <datafield tag="010" ind1=" " ind2=" ">
    <subfield code="a">B-208016</subfield>
  </datafield>
  <datafield tag="020" ind1=" " ind2=" ">
    <subfield code="c">100.00</subfield>
    <subfield code="a">8190201646</subfield>
  </datafield>
  <datafield tag="035" ind1=" " ind2=" ">
    <subfield code="a">B-208016</subfield>
  </datafield>
  <datafield tag="035" ind1=" " ind2=" ">
    <subfield code="a">B-208030</subfield>
  </datafield>
  <datafield tag="037" ind1=" " ind2=" ">
    <subfield code="b">Cen Lib/Ret</subfield>
  </datafield>
  <datafield tag="040" ind1=" " ind2=" ">
    <subfield code="a">DPL</subfield>
    <subfield code="b">HN</subfield>
    <subfield code="c">dpl</subfield>
  </datafield>
  <datafield tag="082" ind1=" " ind2=" ">
    <subfield code="a">665.82</subfield>
    <subfield code="b">&#x917;&#x94D;&#x930;&#x947;&#x935;&#x93E;&#x932;</subfield>
  </datafield>
  <datafield tag="100" ind1=" " ind2=" ">
    <subfield code="a">&#x91A;&#x93E;&#x935;&#x921;&#x93C;&#x93E;, &#x926;&#x93F;&#x928;&#x947;&#x936; </subfield>
    <subfield code="9">89002</subfield>
  </datafield>
  <datafield tag="245" ind1=" " ind2=" ">
    <subfield code="a">&#x939;&#x935;&#x93E; /</subfield>
    <subfield code="c">&#x926;&#x93F;&#x928;&#x947;&#x936; &#x91A;&#x93E;&#x935;&#x921;&#x93C;&#x93E; </subfield>
  </datafield>
  <datafield tag="246" ind1=" " ind2=" ">
    <subfield code="a">Hava / </subfield>
    <subfield code="b">by Dinesh Chavda </subfield>
  </datafield>
  <datafield tag="260" ind1=" " ind2=" ">
    <subfield code="a">&#x92C;&#x940;&#x915;&#x93E;&#x928;&#x947;&#x930; </subfield>
    <subfield code="b">&#x92C;&#x943;&#x91C; &#x92A;&#x932;&#x93F;&#x936;&#x947;&#x930;&#x94D;&#x938; </subfield>
    <subfield code="c">2007</subfield>
  </datafield>
  <datafield tag="270" ind1=" " ind2=" ">
    <subfield code="b">&#x92C;&#x940;&#x915;&#x93E;&#x928;&#x947;&#x930; </subfield>
    <subfield code="a">&#x92C;&#x943;&#x91C; &#x92D;&#x935;&#x928;, &#x906;&#x930;.&#x906;&#x930;. &#x938;&#x94D;&#x91F;&#x94D;&#x930;&#x940;&#x91F;, &#x930;&#x924;&#x94D;&#x924;&#x93E;&#x928;&#x940; &#x935;&#x94D;&#x92F;&#x938;&#x928; &#x915;&#x93E; &#x91A;&#x94C;&#x915; </subfield>
  </datafield>
  <datafield tag="300" ind1=" " ind2=" ">
    <subfield code="a">80&#x92A;&#x943;.</subfield>
    <subfield code="c">20&#x938;&#x947;&#x92E;&#x940;(&#x938;&#x91C;&#x93F;&#x932;&#x94D;&#x926; ) </subfield>
  </datafield>
  <datafield tag="650" ind1=" " ind2=" ">
    <subfield code="a">&#x939;&#x935;&#x93E; </subfield>
    <subfield code="x"> </subfield>
    <subfield code="z"> </subfield>
    <subfield code="9">43347</subfield>
  </datafield>
  <datafield tag="650" ind1=" " ind2=" ">
    <subfield code="a">&#x90F;&#x92F;&#x930; - &#x915;&#x93F;&#x936;&#x94B;&#x930; &#x938;&#x93E;&#x939;&#x93F;&#x924;&#x94D;&#x92F;</subfield>
    <subfield code="9">82852</subfield>
  </datafield>
  <datafield tag="650" ind1=" " ind2=" ">
    <subfield code="a">Air</subfield>
    <subfield code="9">89003</subfield>
  </datafield>
  <datafield tag="650" ind1=" " ind2=" ">
    <subfield code="a">Air -- Juvenile literature</subfield>
    <subfield code="9">89004</subfield>
  </datafield>
  <datafield tag="942" ind1=" " ind2=" ">
    <subfield code="2">ddc</subfield>
    <subfield code="c">HN</subfield>
    <subfield code="h">665.82</subfield>
    <subfield code="m">&#x91A;&#x93E;&#x935;&#x921;&#x93C;&#x93E; </subfield>
  </datafield>
  <datafield tag="952" ind1=" " ind2=" ">
    <subfield code="0">0</subfield>
    <subfield code="1">0</subfield>
    <subfield code="4">0</subfield>
    <subfield code="7">0</subfield>
    <subfield code="a">L</subfield>
    <subfield code="b">L</subfield>
    <subfield code="d">2015-09-21</subfield>
    <subfield code="e">Cen Lib/Ref</subfield>
    <subfield code="g">100.00</subfield>
    <subfield code="l">0</subfield>
    <subfield code="o">665.82 &#x917;&#x94D;&#x930;&#x947;&#x935;&#x93E;&#x932;</subfield>
    <subfield code="p">B-208016</subfield>
    <subfield code="r">2015-09-21 00:00:00</subfield>
    <subfield code="t">1</subfield>
    <subfield code="v">100.00</subfield>
    <subfield code="w">2015-09-21</subfield>
    <subfield code="y">HN</subfield>
  </datafield>
  <datafield tag="952" ind1=" " ind2=" ">
    <subfield code="0">0</subfield>
    <subfield code="1">0</subfield>
    <subfield code="2">ddc</subfield>
    <subfield code="4">0</subfield>
    <subfield code="7">0</subfield>
    <subfield code="8">NFIC</subfield>
    <subfield code="a">QRP</subfield>
    <subfield code="b">QRP</subfield>
    <subfield code="d">2018-12-08</subfield>
    <subfield code="e">&#x92C;&#x94D;&#x930;&#x91C; &#x92A;&#x92C;&#x94D;&#x932;&#x93F;&#x936;&#x930;&#x94D;&#x938;</subfield>
    <subfield code="g">100.00</subfield>
    <subfield code="l">0</subfield>
    <subfield code="o">665.82 &#x91A;&#x93E;&#x935;&#x921;&#x93C;&#x93E;</subfield>
    <subfield code="p">B-208030</subfield>
    <subfield code="r">2018-12-08 00:00:00</subfield>
    <subfield code="v">100.00</subfield>
    <subfield code="w">2018-12-08</subfield>
    <subfield code="y">HN</subfield>
  </datafield>
</record>
